000 00817nam a2200205 u 4500
001 000036163
005 20200930074926.0
008 111221s1958 mx r 000 0 spa d
040 _aDO-SdBNP
_bspa
_cBNPHU
082 _axxxx
_bR815
100 1 _aRosental, M. M.
_962202
245 1 0 _aCategorias del matealísmo dialectico /
_cM. M. Rosental y G. M. Straks; traducción directa del ruso por Adolfo Sánchez Vázquez y Wenceslao Roces.
260 _aMéxico :
_bEditorial Grijalbo,
_c1958.
300 _a357 p. ;
_c22 cm.
500 _aIncluye referencias bibliográficas y notas al pie de las páginas
590 _aPerteneció a la biblioteca personal de Juan Isidro Jimenes Grullón
700 1 _aStraks, G. M.
_962203
700 1 _aSánchez Vázquez, Adolfo
_etr.
_95417
700 1 _aWenceslao, Roces
_etr.
_962204
999 _c35654
_d35654